| 000 | 00745nam a22001817a 4500 | ||
|---|---|---|---|
| 999 |
_c30905 _d30905 |
||
| 008 | 210127b ||||| |||| 00| 0 eng d | ||
| 020 | _a9780804770910 | ||
| 050 |
_aHG 4751. _b.S594 2011 |
||
| 100 | _aJanet Kiholm Smith | ||
| 245 |
_aEntrepreneurial finance : strategy, valuation, and deal structure _b strategy, valuation, and deal structure _c Janet Kiholm Smith, Richard L. Smith, and Richard T. Bliss. |
||
| 260 |
_aStanford, Calif. : _bStanford Economics and Finance, _c2011. |
||
| 300 |
_axlii, 702 pages : _billustrations; _c26cm. |
||
| 500 | _aincludes references and index | ||
| 650 | _a Entrepreneurship. | ||
| 700 | _aRichard L Smith; | ||
| 700 | _aRichard T Bliss | ||
| 942 |
_2lcc _cBOOKS _hHG 4751 .S594 2011 |
||